000 00632nam a2200229Ia 4500
003 OSt
005 20221007071344.0
006 a|||||r|||| 00| 0
007 ta
008 221006b |||||||| |||| 00| 0 eng d
024 _a6,262
037 _cTextual
040 _aFLL
_cFLL
_beng
041 _2eng
_aeng
082 _aZ2:311qN63:q, K3
100 _aDix Dorothy knight Au.
_9688590
245 0 _aContracts of employment act 1963
260 _aLondon
_bButterworths India
_c1963
300 _a123p
_ccm.
942 _hZ2:311qN63:q, K3
_cTEXL
_2CC
999 _c1143139
_d1143139